008740000a22003010004500500002800000650001000028650001300038650002500051650001600076650002400092650002100116650001900137650002800156651001000184082002600194518001300220530000900233100002800242245007900270260002300349502006200372260000900434300001400443041000800457942000800465999001700473952008200490 aBibliography: p.390-400 aTaxes aTaxation aEconomic development aAgriculture aAgricultural income aEconomic systems aPublic finance aAgricultural production aNepal a336.27833813bC83acD a20030530 aThes aChoudhary, Mahi Narayan aAgricultural taxation and economic development in Nepal during plan period aMuzaffarpur, India aThesisbPh. D. in Social Science, B.R.A. Bihar University c2000 axii,400p. aEng cGEN c29597d29597 00104070aTUCLbTUCLd2010-06-20l0pD8676r2010-06-20 00:00:00w2010-06-20